| 000 | 005160000a22001690004500 | ||
|---|---|---|---|
| 090 |
_aAR _b00577 |
||
| 245 | 1 | 0 | _aRegional brain morphometry and lissencephaly in the Sirenia |
| 650 | 1 | 4 |
_aNeuroanatomía animal _993649 |
| 650 | 1 | 4 |
_aMorfometría _993191 |
| 650 | 1 | 4 |
_aMamíferos acuáticos _993274 |
| 653 |
_gTrichechus _eTrichechus manatus _vmanatí |
||
| 041 | 0 | _aEspañol | |
| 700 | 1 |
_aO'Shea, Thomas J. _993277 |
|
| 100 | 1 |
_aReep, Roger L. _993307 |
|
| 942 | _cARTICULO | ||
| 773 | 1 |
_tBryologist _3222 _h3 _q185-194 _d1990 |
|
| 999 |
_c9669 _d9669 |
||